| 000 | 00522nam a2200181Ia 4500 | ||
|---|---|---|---|
| 008 | 120821t2005 xxu||||| |||| 00| 0 sin d | ||
| 041 | _asin | ||
| 080 |
_a8-31 (eng) _bCAL |
||
| 100 | _aCalvino,Italo | ||
| 245 | _aසිසිරයේ රැයක මඟියෙකු... නම් | ||
| 246 | _aSisiraye Rayaka Magiyeku... Nam | ||
| 260 |
_aWijesooriya _aMulleriyawa _c2005 |
||
| 300 | _b300p, 22 cm | ||
| 700 |
_aWiyangoda,Gamini _etr. |
||
| 942 | _cBK | ||
| 999 |
_c41016 _d41016 |
||
| 003 | LK-CoDNM | ||
| 040 |
_aLK-CoDNM _dLK-CoDNM _eLK-CoDNM |
||